[Event "PervenstvoRT2015"]
[Site "?"]
[Date "2015.08.28"]
[Round "9.8"]
[White "Roman, Pirmamedov"]
[Black "Bogdan, Bogatov"]
[Result "1-0"]
[LiveChessVersion "1.4.6"]
[BlackElo "1660"]
[WhiteElo "1848"]

1. e4 {[%clk 1:25:54]} c5 {[%clk 1:30:54]} 2. Nc3 Nc6 {[%clk 1:29:09]} 3. Nge2
{[%clk 1:26:24]} g6 {[%clk 1:29:26]} 4. g3 {[%clk 1:26:14]} Bg7 {[%clk 1:29:46]}
5. d3 {[%clk 1:26:36]} e6 {[%clk 1:29:07]} 6. Bg2 {[%clk 1:27:02]} Nge7
{[%clk 1:29:16]} 7. Be3 {[%clk 1:27:25]} Nd4 {[%clk 1:29:33]} 8. Qd2
{[%clk 1:26:47]} Qa5 {[%clk 1:29:55]} 9. O-O {[%clk 1:25:29]} O-O
{[%clk 1:27:10]} 10. Nc1 {[%clk 1:17:29]} d6 {[%clk 1:23:02]} 11. Nb3
{[%clk 1:14:52]} Qc7 {[%clk 1:22:31]} 12. Nd1 {[%clk 1:13:58]} Nxb3
{[%clk 1:18:55]} 13. axb3 {[%clk 1:08:47]} d5 {[%clk 1:19:23]} 14. f4
{[%clk 1:06:13]} dxe4 {[%clk 1:17:51]} 15. dxe4 {[%clk 1:06:29]} e5
{[%clk 1:17:25]} 16. Nc3 {[%clk 1:05:03]} exf4 {[%clk 1:03:31]} 17. Bxf4
{[%clk 1:05:22]} Qd7 {[%clk 1:02:56]} 18. Qxd7 {[%clk 1:03:36]} Bxd7
{[%clk 1:03:23]} 19. Bd6 {[%clk 1:03:49]} Bd4+ {[%clk 1:03:47]} 20. Kh1
{[%clk 1:04:10]} Rfe8 {[%clk 1:04:07]} 21. Bxe7 {[%clk 1:04:28]} Bxc3
{[%clk 1:02:52]} 22. Bxc5 {[%clk 1:04:46]} Bxb2 {[%clk 1:02:26]} 23. Rxa7
{[%clk 1:05:06]} Rxa7 {[%clk 1:01:50]} 24. Bxa7 {[%clk 1:05:19]} Bc6
{[%clk 1:01:41]} 25. Kg1 {[%clk 1:05:14]} Bxe4 {[%clk 0:57:18]} 26. Re1
{[%clk 1:04:05]} f5 {[%clk 0:57:47]} 27. Bxe4 {[%clk 1:03:53]} fxe4
{[%clk 0:58:14]} 28. Kf2 {[%clk 0:58:21]} g5 {[%clk 0:55:43]} 29. Rd1
{[%clk 0:52:01]} Re7 {[%clk 0:52:51]} 30. Ke3 {[%clk 0:48:04]} Ba3
{[%clk 0:49:58]} 31. Bd4 {[%clk 0:46:16]} h6 {[%clk 0:49:36]} 32. Ra1
{[%clk 0:44:32]} Bb4 {[%clk 0:49:31]} 33. c3 {[%clk 0:44:36]} Bd6
{[%clk 0:49:35]} 34. Ra5 {[%clk 0:40:07]} Kh7 {[%clk 0:49:37]} 35. b4
{[%clk 0:39:02]} Bb8 {[%clk 0:48:03]} 36. c4 {[%clk 0:36:47]} Kg6
{[%clk 0:48:13]} 37. b5 {[%clk 0:26:12]} h5 {[%clk 0:48:34]} 38. Ra8
{[%clk 0:26:23]} Re8 {[%clk 0:48:14]} 39. Ke2 {[%clk 0:25:59]} Rd8
{[%clk 0:46:47]} 40. Bb6 {[%clk 0:20:49]} Rf8 {[%clk 0:41:20]} 41. Bc7
{[%clk 0:20:18]} Rf7 {[%clk 0:41:38]} 42. Bxb8 {[%clk 0:20:08]} Rf8
{[%clk 0:41:29]} 43. c5 {[%clk 0:20:30]} Rc8 {[%clk 0:41:08]} 44. c6
{[%clk 0:20:30]} bxc6 {[%clk 0:41:34]} 45. b6 {[%clk 0:20:56]} h4
{[%clk 0:40:45]} 46. b7 {[%clk 0:21:10]} Re8 {[%clk 0:41:09]} 47. Bc7
{[%clk 0:21:22]} e3 {[%clk 0:41:01]} 1-0

[Event "PervenstvoRT2015"]
[Site "?"]
[Date "2015.08.28"]
[Round "9.9"]
[White "Emir, Khafizov"]
[Black "Emin, Aliev"]
[Result "1-0"]
[LiveChessVersion "1.4.6"]
[BlackElo "1669"]
[WhiteElo "1691"]

1. d4 {[%clk 1:30:59]} d5 {[%clk 1:26:43]} 2. Nf3 {[%clk 1:31:04]} Nf6
{[%clk 1:26:47]} 3. c4 {[%clk 1:31:26]} c6 {[%clk 1:27:15]} 4. Qc2
{[%clk 1:31:46]} e6 {[%clk 1:27:40]} 5. g3 {[%clk 1:32:10]} Nbd7 {[%clk 1:28:07]}
6. Bg2 {[%clk 1:32:26]} dxc4 {[%clk 1:28:32]} 7. Qxc4 {[%clk 1:32:35]} Nb6
{[%clk 1:28:59]} 8. Qc2 {[%clk 1:30:27]} Bd7 {[%clk 1:28:39]} 9. O-O
{[%clk 1:30:19]} Rc8 {[%clk 1:29:05]} 10. Nc3 {[%clk 1:24:18]} c5
{[%clk 1:29:26]} 11. Qd3 {[%clk 1:23:09]} Bc6 {[%clk 1:29:26]} 12. Rd1
{[%clk 1:22:26]} cxd4 {[%clk 1:29:16]} 13. Qxd4 {[%clk 1:21:22]} Qxd4
{[%clk 1:29:38]} 14. Nxd4 {[%clk 1:21:11]} Bxg2 15. Kxg2 {[%clk 1:21:31]} Bb4
{[%clk 1:30:03]} 16. Ncb5 {[%clk 1:21:21]} a6 {[%clk 1:30:08]} 17. Na3
{[%clk 1:21:06]} Bxa3 {[%clk 1:30:00]} 18. bxa3 {[%clk 1:21:29]} O-O
{[%clk 1:30:26]} 19. Rb1 {[%clk 1:20:55]} Nbd5 {[%clk 1:30:01]} 20. Rxb7
{[%clk 1:16:57]} Rfd8 {[%clk 1:30:25]} 21. Bd2 {[%clk 1:11:21]} Ne4
{[%clk 1:30:26]} 22. Ba5 {[%clk 1:09:30]} Rd6 {[%clk 1:28:24]} 23. Rc1
{[%clk 1:07:32]} Re8 {[%clk 1:25:25]} 24. Nb3 {[%clk 1:06:24]} h6
{[%clk 1:25:05]} 25. Bb4 {[%clk 1:00:35]} Rdd8 {[%clk 1:24:33]} 26. Rc4
{[%clk 0:44:59]} f5 {[%clk 1:19:27]} 27. Rc6 {[%clk 0:42:33]} Rc8
{[%clk 1:11:11]} 28. Nd4 {[%clk 0:10:10]} Rxc6 {[%clk 1:10:03]} 29. Nxc6
{[%clk 0:10:31]} Rc8 {[%clk 1:10:24]} 30. Rb8 {[%clk 0:10:33]} Rxb8
{[%clk 1:10:17]} 31. Nxb8 {[%clk 0:10:58]} Nc7 {[%clk 1:09:54]} 32. Ba5
{[%clk 0:10:14]} Nb5 {[%clk 1:09:46]} 33. Nxa6 {[%clk 0:09:56]} Nxa3
{[%clk 1:10:09]} 34. f3 {[%clk 0:08:54]} Nf6 {[%clk 1:10:01]} 35. Bb4
{[%clk 0:09:07]} Nc2 {[%clk 1:10:12]} 36. a4 {[%clk 0:09:14]} Nd5
{[%clk 1:10:35]} 37. Bd2 {[%clk 0:09:13]} Nd4 {[%clk 1:10:51]} 38. Kf2
{[%clk 0:08:53]} Nb3 {[%clk 1:11:18]} 39. Be3 {[%clk 0:08:12]} Nc3
{[%clk 1:11:20]} 40. Nc5 {[%clk 0:07:35]} Nxc5 {[%clk 1:10:47]} 41. Bxc5
{[%clk 0:07:54]} Nxa4 {[%clk 1:11:13]} 42. Bd4 {[%clk 0:08:19]} e5
{[%clk 1:10:04]} 43. Bxe5 {[%clk 0:08:41]} Nc5 {[%clk 1:10:27]} 44. Ke3
{[%clk 0:08:52]} Kf7 {[%clk 1:10:47]} 45. h3 {[%clk 0:06:40]} g6 {[%clk 1:11:04]}
46. g4 {[%clk 0:06:34]} Ne6 {[%clk 1:10:50]} 47. h4 {[%clk 0:05:31]} Nd8
{[%clk 1:10:00]} 48. gxf5 {[%clk 0:04:36]} gxf5 {[%clk 1:10:19]} 49. Kf4
{[%clk 0:04:46]} Ke6 {[%clk 1:08:57]} 50. Bg7 {[%clk 0:04:45]} Kf7
{[%clk 1:08:43]} 51. Bxh6 {[%clk 0:04:15]} Kg6 {[%clk 1:09:08]} 52. Bg5
{[%clk 0:04:38]} Ne6+ {[%clk 1:09:19]} 53. Ke5 {[%clk 0:05:01]} Nc5
{[%clk 1:07:03]} 54. e4 {[%clk 0:04:52]} Nd3+ {[%clk 1:06:43]} 55. Kd6
{[%clk 0:05:04]} Ne1 {[%clk 1:05:40]} 56. exf5+ {[%clk 0:03:51]} Kxf5
{[%clk 1:06:09]} 57. f4 {[%clk 0:04:10]} Ng2 {[%clk 1:06:13]} 58. h5
{[%clk 0:04:36]} Ne3 {[%clk 1:06:18]} 59. Ke7 {[%clk 0:04:45]} Nc4
{[%clk 1:05:35]} 60. Kf7 Nd6+ {[%clk 1:05:42]} 61. Kg7 {[%clk 0:03:52]} Ne8+
{[%clk 1:05:06]} 62. Kh7 {[%clk 0:04:12]} Nc7 {[%clk 1:04:33]} 63. h6
{[%clk 0:04:16]} Ne6 {[%clk 1:04:13]} 64. Kg8 {[%clk 0:04:37]} Kg6
{[%clk 1:03:58]} 65. h7 {[%clk 0:04:49]} Nxg5 {[%clk 1:04:12]} 66. fxg5
{[%clk 0:05:11]} 1-0

[Event "PervenstvoRT2015"]
[Site "?"]
[Date "2015.08.28"]
[Round "9.10"]
[White "Kirill, Akifiev"]
[Black "Ilnar, Valiev"]
[Result "1/2-1/2"]
[LiveChessVersion "1.4.6"]
[BlackElo "1620"]
[WhiteElo "1823"]

1. c4 {[%clk 1:30:50]} Nf6 {[%clk 1:30:36]} 2. Nc3 {[%clk 1:31:14]} g6
{[%clk 1:30:38]} 3. g3 {[%clk 1:31:40]} Bg7 {[%clk 1:31:00]} 4. Bg2
{[%clk 1:32:04]} O-O {[%clk 1:31:15]} 5. Nf3 {[%clk 1:32:28]} d6 {[%clk 1:31:39]}
6. O-O {[%clk 1:32:51]} Nc6 {[%clk 1:31:01]} 7. d4 {[%clk 1:33:15]} Ne8
{[%clk 1:29:14]} 8. Bg5 {[%clk 1:32:21]} h6 {[%clk 1:27:42]} 9. Bf4
{[%clk 1:32:20]} Nxd4 {[%clk 1:22:45]} 10. Nxd4 {[%clk 1:32:37]} e5
{[%clk 1:23:05]} 11. Be3 {[%clk 1:31:47]} exd4 {[%clk 1:22:49]} 12. Bxd4
{[%clk 1:32:12]} Be6 {[%clk 1:21:54]} 13. c5 {[%clk 1:31:25]} d5 {[%clk 1:19:02]}
14. Bxg7 {[%clk 1:31:24]} Nxg7 {[%clk 1:19:20]} 15. Bxd5 {[%clk 1:31:30]} c6
{[%clk 1:19:10]} 16. Bxe6 {[%clk 1:29:17]} Nxe6 {[%clk 1:19:29]} 17. Qxd8
{[%clk 1:28:52]} Raxd8 {[%clk 1:19:55]} 18. b4 {[%clk 1:28:39]} Nd4
{[%clk 1:19:25]} 19. a3 {[%clk 1:25:33]} Rfe8 {[%clk 1:19:05]} 20. e3
{[%clk 1:24:00]} Nf3+ {[%clk 1:18:36]} 21. Kg2 {[%clk 1:24:20]} Nd2
{[%clk 1:18:09]} 22. Rfd1 {[%clk 1:24:22]} Nc4 {[%clk 1:18:02]} 23. a4
{[%clk 1:22:36]} Nb2 {[%clk 1:17:38]} 24. Rxd8 {[%clk 1:22:34]} Rxd8
{[%clk 1:17:57]} 25. Ne4 {[%clk 1:22:15]} Nd3 {[%clk 1:17:31]} 26. Rb1
{[%clk 1:22:05]} b6 {[%clk 1:16:23]} 27. cxb6 {[%clk 1:19:47]} axb6
{[%clk 1:16:45]} 28. a5 {[%clk 1:20:13]} bxa5 {[%clk 1:13:23]} 29. bxa5
{[%clk 1:20:38]} Ra8 {[%clk 1:13:41]} 30. Ra1 {[%clk 1:20:53]} Ra7
{[%clk 1:12:59]} 31. Ra3 {[%clk 1:20:48]} Nb4 {[%clk 1:13:10]} 32. Kf3
{[%clk 1:20:47]} Kf8 {[%clk 1:13:26]} 33. Ra4 {[%clk 1:20:39]} Nd5
{[%clk 1:13:01]} 34. Nd6 {[%clk 1:19:52]} Rd7 {[%clk 1:12:22]} 35. Nc4
{[%clk 1:16:00]} Ra7 {[%clk 1:11:50]} 36. e4 {[%clk 1:16:13]} Nc3
{[%clk 1:11:24]} 37. Ra3 {[%clk 1:16:23]} Nb5 {[%clk 1:10:33]} 38. Ra1
{[%clk 1:16:35]} Nd4+ {[%clk 1:10:45]} 39. Kf4 {[%clk 1:16:04]} f6
{[%clk 1:10:30]} 40. Rb1 {[%clk 1:15:00]} Nb5 {[%clk 1:09:54]} 41. e5
{[%clk 1:14:12]} g5+ {[%clk 1:08:57]} 42. Kf5 {[%clk 1:14:20]} fxe5
{[%clk 1:08:44]} 43. Kxe5 {[%clk 1:13:41]} Re7+ {[%clk 1:08:52]} 44. Kf6
{[%clk 1:12:59]} Rf7+ {[%clk 1:09:03]} 45. Kg6 {[%clk 1:13:24]} Rxf2
{[%clk 1:09:13]} 46. Rh1 {[%clk 1:12:52]} Rc2 {[%clk 1:07:50]} 47. Ne5
{[%clk 1:12:28]} Nd4 {[%clk 1:06:29]} 48. Kxh6 {[%clk 1:12:33]} Ra2
{[%clk 1:06:19]} 49. Kxg5 {[%clk 1:12:27]} Rxa5 {[%clk 1:06:33]} 50. Kf6
{[%clk 1:12:52]} Rd5 {[%clk 1:06:09]} 51. Ng6+ {[%clk 1:12:37]} Ke8
{[%clk 1:06:20]} 52. Nf4 {[%clk 1:11:46]} Rd6+ {[%clk 1:05:11]} 53. Ke5
{[%clk 1:11:46]} Rd7 {[%clk 1:05:21]} 54. h4 {[%clk 1:11:40]} Nf3+
{[%clk 1:05:19]} 55. Kf5 {[%clk 1:11:33]} Rf7+ {[%clk 1:05:26]} 56. Ke4
{[%clk 1:11:17]} Nd2+ {[%clk 1:05:30]} 57. Kd4 {[%clk 1:11:22]} c5+
{[%clk 1:05:31]} 58. Ke3 {[%clk 1:11:10]} Nc4+ {[%clk 1:05:42]} 59. Kd3
{[%clk 1:11:02]} Ne5+ {[%clk 1:05:52]} 60. Kc3 {[%clk 1:11:17]} Rg7
{[%clk 1:05:07]} 61. Nh5 {[%clk 1:09:36]} Re7 {[%clk 1:04:08]} 62. Nf6+
{[%clk 1:09:48]} Kf7 {[%clk 1:04:10]} 63. Rf1 {[%clk 1:09:36]} Kg6
{[%clk 1:03:48]} 64. g4 {[%clk 1:09:23]} Nxg4 {[%clk 1:03:21]} 65. Nxg4
{[%clk 1:09:35]} Kh5 {[%clk 1:03:41]} 66. Rh1 1/2-1/2